000 01457nam a22002777a 4500
999 _c1471
_d1471
001 UTEA
005 20240613163445.0
006 g||||gr||||||01 nz
007 ta
008 170608b pe||||| |||| 00| 0 esp d
040 _aUTEA
041 _aEs
044 _aPE
082 _a364.3
_bH48 1996
100 _aHidalgo Jimenez, Humberto J.
_eAutor
245 _aPsicología Forense Raíces Psicológicas del Delito
_cHumberto J. Hidalgo Jimenez
_h[Texto Impreso]
250 _a2da edición
260 _aLima - Perú
_bEditorial San Marcos
_c1996
300 _a218 páginas.
_c15.5 x 21 cm.
_b02 Ej. Abancay, 01 Ej. Andahuaylas
505 _aIntroducción a la psicología forense -- Conducta delictiva -- Raíces psicológicas del delito -- Pericia psicológica -- Criterio psicológico de imputabilidad e inimputabilidad -- Victimología -- Psicología criminalística y simulación y disimulación -- Casos ilustrativos de peritajes psicológicos.
520 _aEsta obra constituye un valioso soporte y una fuente consulta obligada para todo aquellos profesionales ligadas ala administración de justicia. por que las permite explicaras ,evaluar y juzgar con mayor o mejor elemento de juicio y equidad la conducta delictiva en que incurre una persona.
650 0 _aPSICOLOGÍA FORENSE
_956497
650 0 _aCONDUCTA DELICTIVA
_97370
653 _aDERECHO
_aFORENSE
_aDELITOS
942 _2ddc
_cBK
_zEber Gonzales Pariona
_e2024-06-13